000 00545nas a22001577a 4500
999 _c1175
_d1175
008 130225t20049999-us||||| |||| 00| 0 spa d
245 _aDesastres Preparativos y Mitigación de las Américas
260 _aWashington D.C.:
_bOPS,
_c2004
300 _av. :
310 _asemestral
546 _aespañol
590 _aExistencias: 2004 (95); 2006 (103-105); 2007 (106); 2008 (109); 2009 (112); 2011 (116) BAJA DEPOSITO (CAJA 24) MAYO 2019
650 _aDESASTRES
_91904
856 _uhttp://new.paho.org/disasters/newsletter/
942 _2ddc
_cCR